000 005360000a22001930004500
003 LK-CoMWRAF
008 230817t ||||| |||| 00| 0 eng d
040 _aLK-CoMWRAF
_dLK-CoMWRAF
_eLK-CoMWRAF
041 _aeng
082 _a360
_bTHI
100 _aThiruchandran, N.S.
245 _aThe role of ideology in the lives of women
_ba case study of Jaffna Tamil women in Sri Lanka
260 _aThe Hague
_bauthor
_c1984
300 _ap.118
650 _aTamil women
650 _awomen & culture
650 _awomen-SL
942 _cBK
999 _c2582
_d2582